000
00344nam a2200133Ia 4500
008
151001s9999||||xx |||||||||||||| ||und||
100
_a
शशी श्यामसिंह
245
_a
जंगल कि गुडिया
250
_a
1
260
_b
संगीता
260
_c
2008
300
_a
48
365
_b
21
999
_c
989914
_d
989911